| 000 | 01389nam a2200361 i 4500 | ||
|---|---|---|---|
| 001 | 197497 | ||
| 003 | ES-MaACL | ||
| 005 | 20250805062639.0 | ||
| 007 | ta | ||
| 008 | 900725s1958 sp spa | ||
| 016 | 7 |
_abimoBNE19981729324 _zIND9200358552 _2SpMaBN |
|
| 017 |
_aM 5312-1958 _bOficina Depósito Legal Madrid |
||
| 035 | _a(OCoLC)432042009 | ||
| 035 | _a(SpMaBN)bimo0000927688 | ||
| 035 | _a991039384829708606 | ||
| 040 |
_aSpMaBN _bspa _cA2 |
||
| 080 | _a39(460.27 M.) | ||
| 100 | 1 |
_aGil, Bonifacio, _d1898-1964 _956719 _eaut |
|
| 245 | 1 | 3 |
_aLa fama de Madrid : _bsegún la tradición popular, sacada de refranes, coplas, canciones, romances y leyendas de todas las regiones españolas y países hispano-americanos / _cBonifacio Gil. |
| 260 |
_aMadrid : _bAcies, _c1958. |
||
| 300 |
_a415 páginas ; _c21 cm |
||
| 336 |
_2rdacontent _atexto |
||
| 337 |
_2rdamedia _asin mediación |
||
| 338 |
_2rdacarrier _avolumen |
||
| 504 | _aBibliografía | ||
| 651 | 4 |
_aMadrid- _xUsos y costumbres _2embne _98987 |
|
| 852 |
_aES-MaACL _cDEPO1 _jA-15590 _hDonación: Fernando Codina Rodríguez _xEncuadernación rústica con solapas _9205937 |
||
| 903 |
_aCodina Rodríguez, Fernando _ednr _9238631 |
||
| 942 |
_n0 _cMONOGRAFIA |
||
| 999 |
_c197497 _d197497 |
||